MLB Stats vs HOF Pitchers - Statistics

General Stats
  • This quiz has been taken 35 times
  • The average score is 8 of 13
Answer Stats
HOF Pitcher Stats vs Pitcher Hitter Teams (position) % Correct
Randy Johnson .361 - 6 HR - 8 RBI Chipper Jones Braves 3B
97%
Roy Halladay .273 - 6 HR - 24 RBI David Ortiz Red Sox 1B/DH
93%
Pedro Martinez .385 - 6 HR - 8 RBI Mike Piazza Mets C
83%
Mike Mussina .366 - 9 HR - 21 RBI Frank Thomas White Sox 1B
80%
John Smoltz .284 - 8HR- 14 RBI Barry Bonds Giants OF
77%
Lee Smith .279 - 5 HR - 13 RBI Mike Schmidt Phillies 3B
73%
Steve Carlton .309 - 11 HR - 23 RBI Gary Carter Expos C
67%
Greg Maddux .313 - 10 HR - 22 RBI Luis Gonzalez Diamondbacks OF
67%
Tom Glavine .372 - 6 HR - 14 RBI Jimmy Rollins Phillies SS
60%
Jim Palmer .218 - 9 HR - 12 RBI Jim Rice Red Sox OF
43%
Nolan Ryan .333 - 6 HR - 11 RBI Will Clark Giants 1B
30%
Catfish Hunter .400 - 6 HR - 10 RBI Cecil Cooper Brewers 1B
23%
Bert Blyleven .318 - 9 HR- 16 RBI Ron Kittle White Sox DH
0%
No matching quizzes found
Score Distribution
Percent of People with Each Score
Percentile by Number Answered
Your Score History
You have not taken this quiz